| 000 | 00470nam a22001577a 4500 | ||
|---|---|---|---|
| 003 | macl | ||
| 005 | 20190807122406.0 | ||
| 008 | 190807b xxu||||| |||| 00| 0 eng d | ||
| 040 | _cmacl | ||
| 082 | _a910 | ||
| 100 |
_aचतुर्वेदी ,पंकज _976137 |
||
| 245 | _aदफन होते दरिया | ||
| 260 |
_aदिल्ली _bयश पब्लिकेशंस _c2014 |
||
| 650 |
_aयात्रा _976138 |
||
| 942 |
_2ddc _cHIN |
||
| 999 |
_c60668 _d60668 |
||